Normal view
MARC view
- Dr. Ahsan Akhtar Naz
Entry Personal Name
001 - CONTROL NUMBER
- control field: 121
003 - CONTROL NUMBER IDENTIFIER
- control field: Nust
005 - DATE AND TIME OF LATEST TRANSACTION
- control field: 20170508124036.0
008 - FIXED-LENGTH DATA ELEMENTS
- fixed length control field: 170508|| aca||aabn | a|a d
040 ## - CATALOGING SOURCE
- Original cataloging agency: Nust
- Transcribing agency: Nust
100 ## - HEADING--PERSONAL NAME
- Personal name: Dr. Ahsan Akhtar Naz
670 ## - SOURCE DATA FOUND
- Source citation: Work cat.: (Nust)23626: Dr. Ahsan Akhtar Naz, Sahafat-e-Akhlaqyat (Urdu), c 2005.
